000 00791cam a2200229 4500
001 WB3611-32
008 000000n2000 000 0 eng u
035 _a(Sirsi) u104770
245 _aSeller's pack cuts contract exchange time
260 _c2000
490 _aLaw Society's Gazette
_v 97(10) 9 March 2000, 5(1)
520 _aContracts exchanged under a pilot scheme to test a seller's pack in residential conveyancing took 4 weeks. The scheme looks as if it will be successful.
590 _aWB
650 _aSELLERS PACKS
650 _aRESIDENTIAL
650 _aCONVEYANCING
650 _aContracts
_96232
650 _aPROPERTY TRANSACTIONS
650 _aPROPERTY-RESIDENTIAL PROPERTY-ACQUISITION AND DISPOSAL OF RESIDENTIAL PROPERTY
690 _aPROPERTY
942 _n0
999 _c62859
_d62859